Cómo es / (Record no. 31852)

MARC details
000 -LEADER
campo de control de longitud fija 00734nam a2200241 i 4500
001 - NÚMERO DE CONTROL
campo de control 31852
003 - IDENTIFICADOR DE NÚMERO DE CONTROL
campo de control ES-MaACL
005 - FECHA Y HORA DE LA ÚLTIMA TRANSACCIÓN
campo de control 20250526063007.0
007 - CAMPO FIJO DE DESCRIPCIÓN FÍSICA--INFORMACIÓN GENERAL
campo de control de longitud fija t|
008 - DATOS DE LONGITUD FIJA--INFORMACIÓN GENERAL
campo de control de longitud fija 030130s1969 mx ||||1| spa d
100 1# - ENTRADA PRINCIPAL--NOMBRE DE PERSONA
Nombre de persona Beckett, Samuel,
Fechas asociadas al nombre 1906-1989
9 (RLIN) 240713
245 10 - MENCIÓN DEL TÍTULO
Título Cómo es /
Mención de responsabilidad, etc. Samuel Beckett ; [traducción de José Emilio Pacheco].
250 ## - MENCION DE EDICION
Mención de edición [2ª ed.].
260 ## - PUBLICACIÓN, DISTRIBUCIÓN, ETC.
Lugar de publicación, distribución, etc. México :
Nombre del editor, distribuidor, etc. Joaquín Mortiz,
Fecha de publicación, distribución, etc. [1969]
300 ## - DESCRIPCIÓN FÍSICA
Extensión 181 p. ;
Dimensiones 19 cm.
490 1# - MENCIÓN DE SERIE
Mención de serie Serie del volador
700 1# - ENTRADA AGREGADA--NOMBRE PERSONAL
Nombre de persona Pacheco, José Emilio.
9 (RLIN) 88124
830 0# - PUNTO DE ACCESO ADICIONAL DE SERIE-TÍTULO UNIFORME
Título uniforme Serie del volador
9 (RLIN) 181075
852 ## - LOCALIZACIÓN
Ubicación ES-MaACL
Número de control de estantería E-9625
Sublocalización o colección R.93880
852 ## - LOCALIZACIÓN
Ubicación ES-MaACL
Número de control de estantería E-9626
Sublocalización o colección R.93764
852 ## - LOCALIZACIÓN
Ubicación ES-MaACL
Número de control de estantería A-5714
Sublocalización o colección R.94013
Holdings
Estatus retirado Estado de pérdida Estado de daño No para préstamo Biblioteca de origen Biblioteca actual Ubicación en estantería Fecha de adquisición Fuente de adquisición Total de préstamos Signatura topográfica completa Código de barras Visto por última vez Precio de reemplazo Tipo de ítem Koha
        Biblioteca del Ateneo de Madrid Biblioteca del Ateneo de Madrid Sala Pecera Planta 1 17/01/2008     A-5714 1032936 23/02/2023 23/02/2023 Libro impreso
        Biblioteca del Ateneo de Madrid Biblioteca del Ateneo de Madrid Depósito 2 17/01/2008     E-9625 1032934 23/02/2023 23/02/2023 Libro impreso
        Biblioteca del Ateneo de Madrid Biblioteca del Ateneo de Madrid Depósito 2 17/01/2008     E-9626 1032935 23/02/2023 23/02/2023 Libro impreso